000 01175nam#a22002655a#4500
001 12700
003 AR-RoUNC
005 20260518163952.0
007 ta
008 241104s2016 ag |r 00| f spa d
020 _a9789876420204
040 _aAR-RoUNC
_bspa
_cAR-RoUNCS
041 1 _aspa
100 1 _aCarreras de Sosa, Lydia,
_d1949-,
_eautor
245 1 3 _aEl juramento de los Centenera /
_cLydia Carreras de Sosa.
250 _a1a ed. 10a reimp.
260 _aBuenos Aires :
_bEdelvives,
_c2016.
300 _a188 p. ;
_c21 cm.
490 0 _aColección alandar ;
_v8
500 _aVII Premio Alandar.
520 _aA principios del siglo xx, los hermanos Centenera deciden emigrar a la Argentina. Huérfanos y sin trabajo, emprenden el viaje en barco. Cuando están a punto de llegar, la hermana pequeña desaparece. Incapaces de enfrentarse a esta tragedia, juran no volver a mencionar el hecho y seguir adelante con sus vidas. Con el tiempo, Joseph, uno de los hermanos, rompre la promesa y cuenta todo a una amiga, quien va a ayudarlos a develar la verdad.
650 7 _2embne
_aLiteratura argentina
655 7 _2embne
_aNovelas cortas
942 _2udc
_cOG
_n0
999 _c1020
_d1020